العلاقات الأفغانية الروسية من عهد الأمير دوست محمد خان حتى ببرك 1826-1984 / (Record no. 16278)

MARC details
000 -الفاتح
حقل البيانات ثابتة الطول 01261nam a22002417a 4500
008 - عناصر البيانات ثابتة الطول - معلومات عامة
حقل البيانات ثابتة الطول 111129s1992 ua||||| |||| 00| 0 ara d
020 ## - الرقم الدولى المعيارى للكتب
الرقم الدولى المعيارى للكتاب 9772571110
082 ## - رقم تصنيف ديوى العشرى
رقم الطبعة 22
رقم التصنيف 327.581047
رقم المادة ح ق ع
100 ## - المدخل الرئيسى - إسم شخصى
9 (RLIN) 27942
الإسم الشخصى حق شناس، ش. ن
245 ## - بيان العنوان
العنوان العلاقات الأفغانية الروسية من عهد الأمير دوست محمد خان حتى ببرك 1826-1984 /
بيان المسئوليه,etc تأليف ش. ن. حق شناس ؛ ترجمه عن الفارسية عفاف السيد زيدان.
250 ## - بيان الطبعة
بيان الطبعة ط. 1.
260 ## - PUBLICATION, DISTRIBUTION, ETC. (IMPRINT)
مكان الناشر او الموزع القاهرة :
اسم الناشر او الموزع الزهراء للإعلام العربي،
تاريخ النشر أو التوزيع 1992.
300 ## - الوصف المادى
التعداد 615 ص. ؛
أبعاد الوعاء 25 سم.
504 ## - تبصرة ببليوجرافية
تبصرة ببليوجرافية,الخ يشتمل على ارجاعات ببليوجرافية
600 ## - المدخل الاضافى بالموضوع-اسم شخصى
9 (RLIN) 27943
الإسم الشخصى دوست محمد خان،
العنوان والكلمات الأخرى المصاحبة للاسم الامير
التواريخ المصاحبة للاسم 1793-1863
651 ## - المدخل الاضافى بالموضوع - اسم جغرافى
9 (RLIN) 27944
الاسم الجغرافي روسيا
التقسيم الفرعي العام علاقات خارجية
التقسيم الفرعي الجغرافي أفغانستان
651 ## - المدخل الاضافى بالموضوع - اسم جغرافى
9 (RLIN) 27946
الاسم الجغرافي أفغانستان
التقسيم الفرعي العام علاقات خارجية
التقسيم الفرعي الجغرافي روسيا
651 ## - المدخل الاضافى بالموضوع - اسم جغرافى
9 (RLIN) 27947
الاسم الجغرافي أفغانستان
التقسيم الفرعي العام تاريخ
التقسيم الفرعي الجغرافي روسيا
التقسيم الفرعي الزمني قرن 20
653 ## - مصطلح تكشيفى غير مقيد
Resource For college
Arrived date list November2011
700 ## - المدخل الاضافى - اسم شخصى
9 (RLIN) 27945
الإسم الشخصى زيدان، عفاف السيد
942 ## - عناصر المدخل الإضافي( كوها)
مصدر التصنيف او مخطط الترفيف Dewey Decimal Classification
Koha [default] item type Book - Borrowing
Holdings
حالة التراجع حالة الفقد مصدر التصنيف او خطة الترفيف حالة تلف ليس للاعارة مجموعات كوها المكان الدائم المكان الحالي موقع الترفيف تاريخ الاكتساب Source of acquisition رقم الاستدعاء الباركود Date last seen نوع الوعاء
    Dewey Decimal Classification     Alef-Baa Central Library Central Library First floor 30/11/2011 Purchase 327.581047 ح ق ع 000025744 15/07/2025 Book - Borrowing